ভারতবর্ষের ইতিহাস (মুঘল ও ব্রিটিশ ভারত) / (Record no. 199002)
[ view plain ]
| 000 -LEADER | |
|---|---|
| fixed length control field | 00994nam a22002177a 4500 |
| 003 - CONTROL NUMBER IDENTIFIER | |
| control field | BD-DhUL |
| 005 - DATE AND TIME OF LATEST TRANSACTION | |
| control field | 20170517175357.0 |
| 008 - FIXED-LENGTH DATA ELEMENTS--GENERAL INFORMATION | |
| fixed length control field | 170517s1997 bg ||||| b||| 001 0 ben c |
| 020 ## - INTERNATIONAL STANDARD BOOK NUMBER | |
| International Standard Book Number | 8124702764 |
| 040 ## - CATALOGING SOURCE | |
| Original cataloging agency | BD-DhUL |
| Transcribing agency | BD-DhUL |
| 082 ## - DEWEY DECIMAL CLASSIFICATION NUMBER | |
| Classification number | 954.025 |
| Item number | MUB |
| 100 1# - MAIN ENTRY--PERSONAL NAME | |
| Personal name | মুখোপাধ্যায়, হীরেন্দ্রনাথ |
| 245 10 - TITLE STATEMENT | |
| Title | ভারতবর্ষের ইতিহাস (মুঘল ও ব্রিটিশ ভারত) / |
| Statement of responsibility, etc. | হীরেন্দ্রনাথ মুখোপাধ্যায় |
| 250 ## - EDITION STATEMENT | |
| Edition statement | ২য় সং. |
| 260 ## - PUBLICATION, DISTRIBUTION, ETC. (IMPRINT) | |
| Place of publication, distribution, etc. | কলিকাতা : |
| Name of publisher, distributor, etc. | পশ্চিমবঙ্গ রাজ্য পুস্তক পর্ষৎ, |
| Date of publication, distribution, etc. | ১৯৯৭ |
| 300 ## - PHYSICAL DESCRIPTION | |
| Extent | খ. : |
| Other physical details | চিত্র, মানচিত্র ; |
| Dimensions | ২১ সেমি |
| 504 ## - BIBLIOGRAPHY, ETC. NOTE | |
| Bibliography, etc | গ্রন্থপঞ্জিগত তথ্য সংবলিত |
| 650 #0 - SUBJECT ADDED ENTRY--TOPICAL TERM | |
| Topical term or geographic name as entry element | ভারত - ইতিহাস |
| 650 #0 - SUBJECT ADDED ENTRY--TOPICAL TERM | |
| Topical term or geographic name as entry element | India - history |
| 942 ## - ADDED ENTRY ELEMENTS (KOHA) | |
| Source of classification or shelving scheme | |
| Koha item type | Books |
| Price effective from | Date last seen | Permanent Location | Not for loan | Date acquired | Source of classification or shelving scheme | Koha item type | Lost status | Withdrawn status | Source of acquisition | Collection code | Damaged status | Shelving location | Barcode | Current Location | Full call number |
|---|---|---|---|---|---|---|---|---|---|---|---|---|---|---|---|
| 2017-05-17 | 2017-05-17 | Dhaka University Library | Not For Loan | 2017-05-17 | Books | gift | Non Fiction | Dr. Aftab Ahmed Collection | 428829 | Dhaka University Library | 954.025 MUB |
